[Event "FICGS rapid E 000082 email"]
[Site "FICGS email"]
[Date "2012.04.29"]
[Round "1"]
[White "Cavaille, Cedric"]
[Black "Toro, Simone"]
[Result "0-1"]
[WhiteElo "935"]
[BlackElo "1030"]
[PlyCount "52"]
[EventDate "2012.??.??"]
[EventType "tourn (rapid)"]
[EventRounds "6"]
[SourceTitle "Corr 2022"]
[Source "ChessBase"]
[SourceDate "2021.10.24"]
[SourceVersion "1"]
[SourceVersionDate "2021.10.24"]
[SourceQuality "1"]

1. e4 e5 2. Nf3 Nc6 3. Bc4 Bc5 4. Nc3 h6 5. d3 Nf6 6. 0-0 0-0 7. a3 Re8 8. b4 Bb6 9. Qe1 Bd4 10. Nxd4 Nxd4 11. Qd2 Nh5 12. Ne2 Ne6 13. b5 c6 14. bxc6 bxc6 15. Bxe6 Rxe6 16. Qe3 Rg6 17. Ng3 Qh4 18. Nxh5 Qxh5 19. g3 d6 20. c4 Rf6 21. c5 Rf3 22. Qe2 Rxg3+ 23. hxg3 Qxe2 24. cxd6 Qf3 25. Bb2 Bh3 26. Kh2 Qg2# 0-1

[Event "FICGS rapid E 000081 email"]
[Site "FICGS email"]
[Date "2012.04.19"]
[Round "1"]
[White "Leurette, Marc Antoine"]
[Black "Toro, Simone"]
[Result "1/2-1/2"]
[WhiteElo "1267"]
[BlackElo "1030"]
[PlyCount "158"]
[EventDate "2012.??.??"]
[EventType "tourn (rapid)"]
[EventRounds "6"]
[SourceTitle "Corr 2022"]
[Source "ChessBase"]
[SourceDate "2021.10.24"]
[SourceVersion "1"]
[SourceVersionDate "2021.10.24"]
[SourceQuality "1"]

1. e4 e5 2. Nf3 Nc6 3. Bc4 Bc5 4. c3 Nf6 5. Ng5 d5 6. exd5 Nxd5 7. d4 exd4 8. 0-0 0-0 9. Qh5 h6 10. Ne4 Nf6 11. Nxf6+ Qxf6 12. cxd4 Nxd4 13. Qxc5 Nc2 14. Qxc7 Nxa1 15. Bd3 Bf5 16. Bxf5 Qxf5 17. Nc3 Rac8 18. Qxb7 Ra8 19. Bxh6 gxh6 20. Rxa1 Rab8 21. Qc7 Rxb2 22. Qxa7 Rfb8 23. Rf1 Qc2 24. Qd4 R8b4 25. Qe3 Rc4 26. Qg3+ Kh7 27. Nd1 Rb1 28. Ne3 Rxf1+ 29. Nxf1 Qd1 30. Qe3 Rc1 31. Qe4+ Kg8 32. Qa8+ Kg7 33. Qa6 Rc2 34. g3 Qf3 35. Qa7 Qe2 36. Kg2 Rxa2 37. Qd4+ f6 38. Qe3 Qxe3 39. Nxe3 Ra8 40. h4 Ra5 41. g4 h5 42. f3 Kg6 43. Kg3 Ra3 44. Kf4 Ra4+ 45. Kg3 Rb4 46. f4 Ra4 47. f5+ Kh6 48. Kf3 hxg4+ 49. Nxg4+ Kh5 50. Nxf6+ Kxh4 51. Ne4 Kh5 52. Kf4 Kh6 53. f6 Kg6 54. Ke5 Ra5+ 55. Ke6 Rf5 56. f7 Rxf7 57. Ke5 Re7+ 58. Kf4 Rf7+ 59. Ke5 Rf5+ 60. Kd4 Ra5 61. Nc5 Kf5 62. Kd5 Rb5 63. Kd6 Rb6+ 64. Kd5 Rb5 65. Kd6 Rb1 66. Ke7 Re1+ 67. Kd6 Rd1+ 68. Ke7 Ke5 69. Ne6 Re1 70. Nd8 Kd5+ 71. Kd7 Rd1 72. Nf7 Ke4+ 73. Ke6 Rd5 74. Nd6+ Rxd6+ 75. Kxd6 Kd4 76. Kc6 Kc4 77. Kd6 Kd4 78. Ke6 Ke4 79. Kd6 Kd4 1/2-1/2

[Event "FICGS rapid E 000081 email"]
[Site "FICGS email"]
[Date "2012.04.19"]
[Round "1"]
[White "Toro, Simone"]
[Black "Stoyanov, Zdravko"]
[Result "1-0"]
[WhiteElo "1030"]
[BlackElo "1238"]
[PlyCount "55"]
[EventDate "2012.??.??"]
[EventType "tourn (rapid)"]
[EventRounds "6"]
[SourceTitle "Corr 2022"]
[Source "ChessBase"]
[SourceDate "2021.10.24"]
[SourceVersion "1"]
[SourceVersionDate "2021.10.24"]
[SourceQuality "1"]

1. e4 c5 2. Nf3 a6 3. c3 Nc6 4. d4 cxd4 5. cxd4 e6 6. Nc3 h6 7. Bc4 Bb4 8. Bd2 Nge7 9. d5 exd5 10. exd5 Bxc3 11. Bxc3 Na7 12. d6 Nf5 13. Ne5 0-0 14. 0-0 Nc6 15. Nxf7 Rxf7 16. Bxf7+ Kxf7 17. Qd5+ Kg6 18. Rfe1 Qf8 19. Qd3 b5 20. Re3 Kh7 21. Rae1 Bb7 22. Rg3 Kh8 23. Rf3 Ncd4 24. Rf4 Bc6 25. Bxd4 Kg8 26. Rxf5 Qxd6 27. Rfe5 Qf8 28. Re7 1-0

[Event "FICGS rapid E 000050 email"]
[Site "FICGS email"]
[Date "2011.03.11"]
[Round "1"]
[White "Kehayov, Yulian"]
[Black "Toro, Simone"]
[Result "1-0"]
[WhiteElo "1071"]
[BlackElo "1158"]
[PlyCount "67"]
[EventDate "2011.??.??"]
[EventType "tourn (rapid)"]
[EventRounds "5"]
[SourceTitle "Corr 2013"]
[Source "ChessBase"]
[SourceDate "2012.11.12"]
[SourceVersion "1"]
[SourceVersionDate "2012.11.12"]
[SourceQuality "1"]

1. Nc3 e5 2. Nf3 Nc6 3. e4 Nf6 4. Bc4 h6 5. d3 Bb4 6. 0-0 0-0 7. Nd5 Re8 8. Be3 d6 9. Nxb4 Nxb4 10. c3 Nc6 11. Qb3 b6 12. Bxf7+ Kh8 13. Bxe8 Qxe8 14. Rfe1 Be6 15. Qd1 Bg4 16. h3 Bh5 17. b4 a5 18. b5 Nd8 19. Rb1 Ne6 20. g4 Bf7 21. Rb2 a4 22. Qc2 Ra5 23. Rb4 c5 24. bxc6 Qxc6 25. Rxb6 Qc7 26. Qb1 Nd8 27. Qb4 Nc6 28. Rxc6 Qxc6 29. Qxa5 Bxa2 30. c4 Nd7 31. Qd8+ Kh7 32. g5 h5 33. g6+ Kxg6 34. Qe8+ 1-0

[Event "FICGS class F 000093 email"]
[Site "FICGS email"]
[Date "2011.03.02"]
[Round "1"]
[White "Melquiades, Jaime I"]
[Black "Toro, Simone"]
[Result "0-1"]
[WhiteElo "996"]
[BlackElo "1158"]
[PlyCount "86"]
[EventDate "2011.??.??"]
[EventType "tourn (corr)"]
[EventRounds "6"]
[SourceTitle "Corr 2013"]
[Source "ChessBase"]
[SourceDate "2012.11.12"]
[SourceVersion "1"]
[SourceVersionDate "2012.11.12"]
[SourceQuality "1"]

1. e4 e5 2. a3 Nf6 3. d3 h6 4. Nf3 Nc6 5. c3 Bc5 6. Be3 Bxe3 7. fxe3 0-0 8. Nbd2 d6 9. Nh4 Ng4 10. g3 Qf6 11. Qe2 Qg5 12. 0-0-0 Nxe3 13. Nhf3 Bg4 14. h4 Qh5 15. Bh3 Bxf3 16. Nxf3 Nxd1 17. Rxd1 Rad8 18. d4 f6 19. d5 Na5 20. Nd4 Nb3+ 21. Kb1 Qxe2 22. Nxe2 Rb8 23. Be6+ Kh7 24. g4 Nc5 25. Bf5+ g6 26. Bxg6+ Kxg6 27. h5+ Kg5 28. Rg1 Rg8 29. Ng3 Kxg4 30. Nf5+ Kxh5 31. Rh1+ Kg4 32. Rg1+ Kf4 33. Rf1+ Kxe4 34. Nxh6 Rg6 35. Nf5 Rg5 36. Nh6 Kd3 37. Rf3+ Ke4 38. Rf2 Kxd5 39. Nf7 Rg1+ 40. Kc2 Re8 41. Rd2+ Ke6 42. Nh6 Rh8 43. Nf5 Rhh1 0-1

[Event "FICGS rapid E 000049 email"]
[Site "FICGS email"]
[Date "2011.02.27"]
[Round "1"]
[White "Toro, Simone"]
[Black "Melquiades, Jaime I"]
[Result "1-0"]
[WhiteElo "1138"]
[BlackElo "1041"]
[PlyCount "59"]
[EventDate "2011.??.??"]
[EventType "tourn (rapid)"]
[EventRounds "6"]
[SourceTitle "Corr 2013"]
[Source "ChessBase"]
[SourceDate "2012.11.12"]
[SourceVersion "1"]
[SourceVersionDate "2012.11.12"]
[SourceQuality "1"]

1. e4 e5 2. Nf3 d6 3. c3 a6 4. d4 f6 5. Bc4 Ne7 6. 0-0 b5 7. Bb3 c6 8. Re1 d5 9. dxe5 Bg4 10. Bf4 Nd7 11. h3 Bh5 12. e6 Nc5 13. Bc2 dxe4 14. Bxe4 Nxe6 15. Nbd2 Nxf4 16. Bxc6+ Kf7 17. Qb3+ Kg6 18. Be4+ Nf5 19. Bxf5+ Kh6 20. Nf1 Bxf3 21. gxf3 g6 22. Red1 Qc7 23. Rd7 Qc5 24. Be4 Nxh3+ 25. Kh1 Qxf2 26. Nh2 Nf4 27. Rg1 Bc5 28. Rdd1 Ne2 29. Ng4+ Kg7 30. Rd7+ 1-0

[Event "FICGS rapid E 000049 email"]
[Site "FICGS email"]
[Date "2011.02.27"]
[Round "1"]
[White "Toro, Simone"]
[Black "Neil, Charles"]
[Result "1/2-1/2"]
[WhiteElo "1138"]
[BlackElo "1119"]
[PlyCount "66"]
[EventDate "2011.??.??"]
[EventType "tourn (rapid)"]
[EventRounds "6"]
[SourceTitle "Corr 2013"]
[Source "ChessBase"]
[SourceDate "2012.11.12"]
[SourceVersion "1"]
[SourceVersionDate "2012.11.12"]
[SourceQuality "1"]

1. e4 c6 2. d4 d5 3. exd5 cxd5 4. Nc3 Nc6 5. Nf3 Bg4 6. Be2 e6 7. 0-0 Bd6 8. Bg5 Qb6 9. b3 Nge7 10. Re1 Bxf3 11. Bxf3 Nf5 12. Nxd5 Qa5 13. Bd2 Qd8 14. Nf4 Nfxd4 15. Bh5 Nf5 16. Rxe6+ Kd7 17. Bg4 fxe6 18. Qe1 Ncd4 19. Rc1 Kc8 20. Nxe6 Nxe6 21. Qxe6+ Kc7 22. Bxf5 Bxh2+ 23. Kxh2 Qxd2 24. Re1 Qh6+ 25. Bh3 Qf4+ 26. Kg1 Rae8 27. Qd7+ Kb6 28. Rxe8 Qc1+ 29. Kh2 Qf4+ 30. Kh1 Qc1+ 31. Kh2 Qf4+ 32. Kg1 Qc1+ 33. Kh2 Qf4+ 1/2-1/2

[Event "FICGS class F 000092 email"]
[Site "FICGS email"]
[Date "2011.02.21"]
[Round "1"]
[White "Toro, Simone"]
[Black "Orden, Jorge"]
[Result "0-1"]
[WhiteElo "1138"]
[BlackElo "1068"]
[PlyCount "76"]
[EventDate "2011.??.??"]
[EventType "tourn (corr)"]
[EventRounds "6"]
[SourceTitle "Corr 2013"]
[Source "ChessBase"]
[SourceDate "2012.11.12"]
[SourceVersion "1"]
[SourceVersionDate "2012.11.12"]
[SourceQuality "1"]

1. e4 c5 2. Nf3 d6 3. c3 Nf6 4. d4 cxd4 5. cxd4 e6 6. Nc3 Be7 7. Bc4 0-0 8. 0-0 a6 9. Re1 Nc6 10. b3 b5 11. Bd3 Bb7 12. Bf4 h6 13. Qd2 Ng4 14. h3 Nf6 15. Bxh6 gxh6 16. e5 dxe5 17. Qxh6 Nxd4 18. Rxe5 Nxf3+ 19. gxf3 Qxd3 20. Rg5+ Qg6 21. Ne2 Nh7 22. Rxg6+ fxg6 23. Qxg6+ Kh8 24. Qxe6 Rae8 25. Rd1 Bxf3 26. Rd7 Rf6 27. Nd4 Rxe6 28. Nxe6 Rg8+ 29. Kf1 Bg2+ 30. Ke2 Bg5 31. a4 Bxh3 32. Rd6 Re8 33. Rxa6 Bxe6 34. Kd3 Bf5+ 35. Kc3 bxa4 36. Rxa4 Rc8+ 37. Kb2 Rc2+ 38. Kb1 Rxf2+ 0-1

[Event "FICGS rapid E 000045 email"]
[Site "FICGS email"]
[Date "2011.01.30"]
[Round "1"]
[White "Toro, Simone"]
[Black "Forese, Domenico"]
[Result "1-0"]
[WhiteElo "1138"]
[BlackElo "1200"]
[PlyCount "67"]
[EventDate "2011.??.??"]
[EventType "tourn (rapid)"]
[EventRounds "6"]
[SourceTitle "Corr 2013"]
[Source "ChessBase"]
[SourceDate "2012.11.12"]
[SourceVersion "1"]
[SourceVersionDate "2012.11.12"]
[SourceQuality "1"]

1. e4 Nf6 2. Nc3 d6 3. Be2 c5 4. Nf3 e6 5. 0-0 d5 6. Bb5+ Ke7 7. Re1 dxe4 8. Nxe4 a6 9. Ba4 b5 10. Bb3 c4 11. Bxc4 bxc4 12. c3 Bb7 13. Nc5 Ke8 14. Nxb7 Qb6 15. Qa4+ Nbd7 16. Na5 Bc5 17. d4 Be7 18. Bg5 h6 19. Bh4 g5 20. Bg3 Nh5 21. Be5 f6 22. Nxc4 Qb7 23. Bd6 g4 24. g3 Qxf3 25. Nb6 Ra7 26. Rxe6 Qd5 27. Nxd5 Kf7 28. Rxe7+ Kg6 29. Qc2+ f5 30. Rae1 Rd8 31. h4 Nf8 32. Qd2 Nd7 33. Nf4+ Kf6 34. R1e6# 1-0

[Event "FICGS class E 000125 email"]
[Site "FICGS email"]
[Date "2010.06.30"]
[Round "1"]
[White "Toro, Simone"]
[Black "Todd, Daniel"]
[Result "0-1"]
[WhiteElo "1216"]
[BlackElo "1222"]
[PlyCount "32"]
[EventDate "2010.??.??"]
[EventType "tourn (corr)"]
[EventRounds "6"]
[SourceTitle "Corr 2013"]
[Source "ChessBase"]
[SourceDate "2012.11.12"]
[SourceVersion "1"]
[SourceVersionDate "2012.11.12"]
[SourceQuality "1"]

1. e4 Nf6 2. Nc3 d5 3. d4 dxe4 4. f3 exf3 5. Nxf3 c6 6. Be2 Bg4 7. Bc4 e6 8. a3 Nbd7 9. 0-0 Bd6 10. Re1 0-0 11. h3 Bh5 12. Bg5 Qb6 13. Bb3 Bxf3 14. Ne2 Bxe2 15. Qxe2 Qxd4+ 16. Kh1 Qxb2 0-1

[Event "FICGS class E 000125 email"]
[Site "FICGS email"]
[Date "2010.06.30"]
[Round "1"]
[White "Toro, Simone"]
[Black "Willoughby, Peter"]
[Result "0-1"]
[WhiteElo "1216"]
[BlackElo "1214"]
[PlyCount "64"]
[EventDate "2010.??.??"]
[EventType "tourn (corr)"]
[EventRounds "6"]
[SourceTitle "Corr 2013"]
[Source "ChessBase"]
[SourceDate "2012.11.12"]
[SourceVersion "1"]
[SourceVersionDate "2012.11.12"]
[SourceQuality "1"]

1. e4 e5 2. Nf3 Nc6 3. Bb5 a6 4. Ba4 Nf6 5. Nc3 Bc5 6. 0-0 0-0 7. Re1 Ng4 8. d4 Nxd4 9. Be3 Nxe3 10. Rxe3 b5 11. Bb3 Nxb3 12. Rd3 Nxa1 13. Qxa1 Qf6 14. Qd1 d6 15. h3 Qg6 16. Nd5 Bxh3 17. Ne7+ Kh8 18. Nxg6+ fxg6 19. gxh3 Rf4 20. Rd2 Rxe4 21. Ne1 Rf8 22. Nd3 h5 23. Nxc5 dxc5 24. Qf1 g5 25. f3 Ref4 26. Rf2 c4 27. Kg2 b4 28. b3 cxb3 29. cxb3 c5 30. Qxa6 e4 31. Qh6+ gxh6 32. fxe4 Rxf2+ 0-1

[Event "FICGS class F 000069 email"]
[Site "FICGS email"]
[Date "2008.11.22"]
[Round "1"]
[White "Stoyanov, Zdravko"]
[Black "Toro, Simone"]
[Result "1-0"]
[WhiteElo "1340"]
[BlackElo "1400"]
[PlyCount "97"]
[EventDate "2008.??.??"]
[EventType "tourn (corr)"]
[EventRounds "5"]
[SourceTitle "Corr 2022"]
[Source "ChessBase"]
[SourceDate "2021.10.24"]
[SourceVersion "1"]
[SourceVersionDate "2021.10.24"]
[SourceQuality "1"]

1. e4 e5 2. Nf3 Nc6 3. Bb5 Nf6 4. Bxc6 bxc6 5. d3 d5 6. Bg5 Be7 7. Nxe5 dxe4 8. Nxc6 Qd6 9. Na5 Qd5 10. Bd2 0-0 11. 0-0 Bd6 12. Qe2 Bg4 13. f3 Qh5 14. g3 Qh3 15. fxg4 Nxg4 16. Bf4 Bc5+ 17. Kh1 Rfe8 18. Qg2 Qh5 19. Bxc7 Ne3 20. Qg1 Nxc2 21. Qg2 exd3 22. Nd2 Nxa1 23. Rxa1 Re2 24. g4 Qxh2+ 25. Bxh2 Rxg2 26. Kxg2 Re8 27. Nab3 Re2+ 28. Kh3 Be7 29. Bf4 h6 30. Rf1 g5 31. Bg3 Bb4 32. Be1 Bd6 33. Bg3 Re3 34. Nf3 Bxg3 35. Kxg3 Kg7 36. Rd1 Kg6 37. Nc5 f5 38. gxf5+ Kxf5 39. Rxd3 Re2 40. Nd4+ Kf6 41. Nxe2 h5 42. a4 Kf5 43. b4 h4+ 44. Kh3 Kg6 45. Kg4 Kf6 46. b5 h3 47. Rxh3 Ke5 48. Rd3 Kf6 49. a5 1-0